World Cities in Polish - Statistics

General Stats
  • This quiz has been taken 37 times
  • The average score is 18 of 26
Answer Stats
Hint Answer % Correct
Paryż Paris
100%
Nowy Jork New York
91%
Bruksela Brussels
89%
Ateny Athens
86%
Pekin Beijing
86%
Tuluza Toulouse
86%
Ułan Bator Ulaanbaatar
86%
Meksyk Mexico City
83%
Neapol Naples
83%
Kolonia Cologne
80%
Kair Cairo
77%
Jerozolima Jerusalem
77%
Monachium Munich
74%
Rzym Rome
71%
Wiedeń Vienna
71%
Kapsztad Cape Town
69%
Kiszyniów Chișinău
66%
Wilno Vilnius
66%
Lipsk Leipzig
60%
Chartum Khartoum
57%
Mediolan Milan
57%
Erywań Yerevan
49%
Akwizgran Aachen
29%
Bazylea Basel
29%
Gandawa Ghent
29%
Moguncja Mainz
23%
No matching quizzes found
Score Distribution
Percent of People with Each Score
Percentile by Number Answered
Your Score History
You have not taken this quiz